Ricostruisci la Carriera del Calciatore - Mateo Kovačić - Statistics

Statistiche generali
  • Questo quiz è stato fatto 20 volte
  • Il punteggio medio è 4 su 5
Statistiche sulle risposte
Hint Risposta % Corretto
2010-2013 Dinamo Zagabria
100%
2023- Manchester City
91%
2018-2023 Chelsea
82%
2013-2015 Inter
82%
2015-2018 Real Madrid
73%
Nessun quiz corrispondente trovato
Distribuzione punteggi
Percentuale di utenti per punteggio
Percentile per numero di risposta
I tuoi punteggi nel tempo
Non hai fatto questo quiz